00593nam a2200205Ia 4500008004100000050001300041050001600054100002800070245006100098245002800159260003100187260001000218260001000228300001500238300002000253300001100273500005600284521002800340999001900368170504s9999 xx 000 0 und d aHG 1616  b.Al366 2016 aAlea, Donn Mari Ramz T. aBrand preferences within the dynamic smartphone market / cDonn Mari Ramz T. Alea. aLas Piñas, Philippines : bSISC, c2016. a30 pages : billustrations ; c28 cm. aIncludes bibliographical references and appendices. aBusiness Administration c329780d329780